00693nam a2200169Ia 4500008004100000020001800041100003000059245009300089250001600182260006800198300001500266500005100281650003000332650002300362999001900385952011900404190813s9999 xx 000 0 und d a9781259253867 aWhitbourne, Susan Krauss. cSusan Krauss Whitbourne.--aAbnormal psychology :bclinical perspectives on psychology / a8th edition aNew York :bMcGraw-Hill Educational International Editionc2017 a407 pages. aIncluded bibliographical references and index. aPsychology, pathological. aSocial psychology. c362072d362072 001040aCLbCLcRESd2019-08-13l5m2oRC 454 .W579 2017pC21857r2025-02-05 00:00:00s2025-01-09w2019-08-13yBK